Jeu du département frontalier le plus haut dans l'ordre alphabétique - Statistiques

Statistiques générales
  • Ce quiz a été pris 171 fois
  • Le résultat moyen est 51 sur 94
Réponses sur la Carte
Les réponses sont colorées sur une échelle allant du rouge au vert en fonction du pourcentage des utilisateurs qui les ont devinées à leur premier essai. Vous pouvez retrouver ces pourcentages ci-dessous.
 
Statistiques - réponses
Départements % Correct
Ain
100%
Hautes-Alpes
77%
Haute-Savoie
77%
Savoie
77%
Alpes-de-Haute-Provence
74%
Alpes-Maritimes
74%
Bouches-du-Rhône
73%
Var
73%
Ardèche
72%
Drôme
72%
Gard
72%
Isère
72%
Loire
71%
Allier
70%
Aude
69%
Aveyron
69%
Cantal
69%
Cher
69%
Corrèze
69%
Creuse
69%
Hérault
69%
Ariège
68%
Gers
68%
Haute-Garonne
68%
Hautes-Pyrénées
65%
Landes
65%
Pyrénées-Atlantiques
65%
Charente-Maritime
64%
Gironde
64%
Charente
63%
Deux-Sèvres
63%
Calvados
61%
Côtes-d'Armor
61%
Finistère
61%
Ille-et-Vilaine
61%
Loire-Atlantique
61%
Maine-et-Loire
61%
Morbihan
61%
Vendée
61%
Eure
60%
Eure-et-Loir
60%
Manche
60%
Aisne
58%
Essonne
58%
Hauts-de-Seine
58%
Paris
58%
Seine-Saint-Denis
58%
Ardennes
57%
Aube
57%
Côte-d'Or
57%
Marne
57%
Seine-et-Marne
57%
Haute-Marne
54%
Doubs
53%
Haute-Saône
53%
Jura
53%
Loiret
53%
Nièvre
53%
Saône-et-Loire
53%
Indre
51%
Loir-et-Cher
51%
Dordogne
50%
Haute-Vienne
50%
Lot
50%
Lot-et-Garonne
49%
Tarn-et-Garonne
48%
Tarn
47%
Vienne
45%
Indre-et-Loire
44%
Mayenne
44%
Orne
44%
Sarthe
44%
Yonne
44%
Rhône (et métropole de Lyon)
40%
Territoire de Belfort
38%
Haut-Rhin
37%
Bas-Rhin
35%
Meurthe-et-Moselle
34%
Meuse
33%
Moselle
32%
Vosges
32%
Nord
31%
Oise
31%
Pas-de-Calais
31%
Seine-Maritime
31%
Somme
31%
Val-d'Oise
31%
Val-de-Marne
30%
Yvelines
30%
Pyrénées-Orientales
27%
Lozère
25%
Vaucluse
25%
Haute-Loire
24%
Puy-de-Dôme
24%
Aucun quiz correspondant
Distribution des résultats
% des personnes avec chaque résultat
Percentile par nombre de réponses
Votre historique - résultats
Vous n’avez pas pris ce quiz